Statistics for North Carolina Courage Roster (NWSL, Women's Soccer)

Click here to take the quiz!

General Stats

  • This quiz has been taken 16 times
  • The average score is 13 of 26

Answer Stats

Roster NumberPlayer% Correct
9Lynn Williams
92%
10Debinha
85%
6Abby Erceg
69%
13Ryan Williams
69%
21Cari Roccaro
62%
1Casey Murphy
62%
16Hailie Mace
62%
14Jessica McDonald
62%
23Kristen Hamilton
62%
42Samantha Murphy
62%
4Carson Pickett
54%
8Denise O'Sullivan
54%
0Katelyn Rowland
54%
11Merritt Mathias
54%
25Meredith Speck
46%
2Taylor Smith
46%
34Angharad James
38%
7Diane Caldwell
31%
19Havana Solaun
31%
3Kaleigh Kurtz
31%
15Schuyler DeBree
31%
27Brittany Ratcliffe
23%
20Lindsay Agnew
23%
29Rylee Baisden
23%
22Hailey Harbison
15%
24Payton Perea
15%

Score Distribution

Percentile by Number Answered

Percent of People with Each Score

Your Score History

You have not taken this quiz